[Event "fRIENDs aROUNd tHe wORLd Team Championship"]
[Site "SchemingMind.com"]
[Date "2005.12.04"]
[Round "-"]
[White "John"]
[Black "Louis Lima"]
[Result "0-1"]
[WhiteCountry "POR"]
[BlackCountry "ESP"]
[WhiteElo "1547"]
[WhiteRD "77"]
[BlackElo "1667"]
[BlackRD "52"]
[GameID "32137"]

1. e4 c5 2. Nf3 d6 3. Nc3 Nc6 4. d4 cxd4 5. Nxd4 Nf6 6. Nxc6 bxc6 7. Be2 e5 8. Be3 Be7 9. f3 O-O 10. Qd2 d5
11. exd5 cxd5 12. Bf2 Bb4 13. a3 Qa5 14. O-O Bxc3 15. Qxc3 Qxc3 16. bxc3 Bf5 17. Ba6 Bxc2 18. Bc5 Rfb8 19. Rfe1 Nd7 20. Bb4 Rb6
21. Be2 a5 22. Be7 f6 23. a4 Rc8 24. Ba3 Rxc3 25. Rec1 Kf7 26. Ra2 Rbb3 27. Raxc2 Rxc2 28. Rxc2 Rxa3 29. Rc7 Ke6 30. Bb5 Nf8
31. Rxg7 d4 32. Rc7 Rc3 33. Rxc3 dxc3 34. Bd3 Kd5 35. Kf2 Kc5 36. Ke2 Kb4 37. Bc2 h6 38. Kd3 Ne6
0-1

[Event "fRIENDs aROUNd tHe wORLd Team Championship"]
[Site "SchemingMind.com"]
[Date "2005.12.05"]
[Round "-"]
[White "Louis Lima"]
[Black "John"]
[Result "1-0"]
[WhiteCountry "ESP"]
[BlackCountry "POR"]
[WhiteElo "1667"]
[WhiteRD "52"]
[BlackElo "1547"]
[BlackRD "77"]
[GameID "32138"]

1. e4 e5 2. d4 exd4 3. c3 dxc3 4. Bc4 d6 5. Nxc3 Be7 6. Qb3 Kd7 7. Bxf7 c6 8. Nf3 Kc7 9. Bf4 Na6 10. O-O Nc5
11. Qc4 Nf6 12. b4 Na6 13. b5 Nb8 14. e5 Ne8 15. Nd5+ Kd7 16. e6#
1-0

[Event "fRIENDs aROUNd tHe wORLd Team Championship"]
[Site "SchemingMind.com"]
[Date "2005.12.05"]
[Round "-"]
[White "markagodfrey"]
[Black "John"]
[Result "1-0"]
[WhiteCountry "GBR"]
[BlackCountry "POR"]
[WhiteElo "2117"]
[WhiteRD "103"]
[BlackElo "1507"]
[BlackRD "73"]
[GameID "32226"]

1. e4 e5 2. Nf3 Nf6 3. Nc3 d6 4. g3 Bd7 5. d4 exd4 6. Nxd4 Nc6 7. Bg2 Be7 8. O-O O-O 9. Re1 Re8 10. Nf5 Ne5
11. f4 Neg4 12. h3 Nh6 13. Nxh6+ gxh6 14. e5
1-0

[Event "fRIENDs aROUNd tHe wORLd Team Championship"]
[Site "SchemingMind.com"]
[Date "2005.12.05"]
[Round "-"]
[White "markagodfrey"]
[Black "Louis Lima"]
[Result "1-0"]
[WhiteCountry "GBR"]
[BlackCountry "ESP"]
[WhiteElo "2108"]
[WhiteRD "80"]
[BlackElo "1741"]
[BlackRD "74"]
[GameID "32227"]

1. e4 d5 2. d4 dxe4 3. Nc3 Nf6 4. Bg5 Bf5 5. f3 e3 6. Bxe3 e6 7. Bd3 Bxd3 8. Qxd3 Nc6 9. Nge2 Nd5 10. O-O-O Bb4
11. Nxd5 Qxd5 12. c4 Qa5 13. a3 Be7 14. Kb1 O-O-O 15. d5 exd5 16. cxd5 Rhe8 17. Qf5+ Kb8 18. Ng3 Qa4 19. Qc2 Qxc2+ 20. Kxc2 Na5
21. Rhe1 Nc4 22. Bd4 g6 23. Re4 Nd6 24. Re2 Bh4 25. Ne4 f5 26. Nc3 Nb5 27. Rxe8 Nxd4+ 28. Rxd4
1-0

[Event "fRIENDs aROUNd tHe wORLd Team Championship"]
[Site "SchemingMind.com"]
[Date "2005.12.05"]
[Round "-"]
[White "John"]
[Black "markagodfrey"]
[Result "0-1"]
[WhiteCountry "POR"]
[BlackCountry "GBR"]
[WhiteElo "1507"]
[WhiteRD "73"]
[BlackElo "2117"]
[BlackRD "103"]
[GameID "32228"]

1. e4 e6 2. d4 d5 3. e5 c5 4. c3 Nc6 5. Nf3 Qb6 6. Be2 cxd4 7. cxd4 Nge7 8. O-O Nf5 9. Be3 Nxe3 10. fxe3 Qxb2
11. Nbd2 Qc3 12. Qb3 Qxb3 13. Nxb3 Be7 14. Rab1 O-O 15. Bd3 Nb4 16. Nc1 Bd7 17. Be2 b5 18. Nd3 Nxa2
0-1

[Event "fRIENDs aROUNd tHe wORLd Team Championship"]
[Site "SchemingMind.com"]
[Date "2005.12.07"]
[Round "-"]
[White "Louis Lima"]
[Black "markagodfrey"]
[Result "1-0"]
[WhiteCountry "ESP"]
[BlackCountry "GBR"]
[WhiteElo "1741"]
[WhiteRD "74"]
[BlackElo "2108"]
[BlackRD "80"]
[GameID "32229"]

1. e4 e6 2. d4 d5 3. e5 c5 4. c3 Nc6 5. Nf3 Qb6 6. Bd3 cxd4 7. cxd4 Bd7 8. O-O Nxd4 9. Nxd4 Qxd4 10. Nc3 Qxe5
11. Re1 Qd6 12. Qf3 Ne7 13. Bf4 Qb4 14. Re2 Rc8 15. Rae1 a6 16. Bg3 Qd4 17. Be5 Nc6 18. Bxd4 Nxd4 19. Qxd5 Nxe2+ 20. Rxe2 Bc6
21. Qh5 Be7 22. Rxe6 Bd7 23. Re1 O-O 24. Qxh7#
1-0

[Event "fRIENDs aROUNd tHe wORLd Team Championship"]
[Site "SchemingMind.com"]
[Date "2005.12.13"]
[Round "-"]
[White "reptile"]
[Black "John"]
[Result "1-0"]
[WhiteCountry "ISR"]
[BlackCountry "POR"]
[WhiteElo "1863"]
[WhiteRD "89"]
[BlackElo "1507"]
[BlackRD "73"]
[GameID "32995"]

1. e4 e5 2. Nf3 Nf6 3. Nxe5 d6 4. Nf3 Nxe4 5. d4 d5 6. Bd3 Bg4 7. O-O Bd6 8. c4 O-O 9. cxd5 f5 10. Nc3 Nxc3
11. bxc3 Bxf3 12. Qxf3 Qh4 13. g3 Qg4 14. Qxg4 fxg4 15. c4 Nd7 16. c5 Be7 17. c6
1-0

[Event "fRIENDs aROUNd tHe wORLd Team Championship"]
[Site "SchemingMind.com"]
[Date "2005.12.13"]
[Round "-"]
[White "reptile"]
[Black "markagodfrey"]
[Result "1-0"]
[WhiteCountry "ISR"]
[BlackCountry "GBR"]
[WhiteElo "1898"]
[WhiteRD "80"]
[BlackElo "2049"]
[BlackRD "82"]
[GameID "32996"]

1. c4 Nf6 2. Nc3 g6 3. g3 Bg7 4. Bg2 O-O 5. e4 c5 6. Nge2 Nc6 7. O-O d6 8. d3 Bd7 9. h3 Qb6 10. g4 Ne8
11. f4 f5 12. exf5 gxf5 13. Ng3 Nd4 14. Nd5 Qd8 15. Nh5 Bc6 16. Nxg7 Nxg7 17. g5 e6 18. Nf6+ Rxf6 19. gxf6 Bxg2 20. Kxg2 Qxf6
21. Be3 b5 22. b3 a6 23. Bxd4 Qxd4 24. Qf3
1-0

[Event "fRIENDs aROUNd tHe wORLd Team Championship"]
[Site "SchemingMind.com"]
[Date "2005.12.13"]
[Round "-"]
[White "reptile"]
[Black "Louis Lima"]
[Result "1/2-1/2"]
[WhiteCountry "ISR"]
[BlackCountry "ESP"]
[WhiteElo "1898"]
[WhiteRD "80"]
[BlackElo "1729"]
[BlackRD "76"]
[GameID "32997"]

1. d4 Nf6 2. c4 e6 3. Nc3 Bb4 4. e3 O-O 5. Bd3 d5 6. Nf3 b6 7. O-O c5 8. Qe2 Nc6 9. a3 Bxc3 10. bxc3 Re8
11. Re1 Bb7 12. Bb2 Qc7 13. cxd5 exd5 14. Rac1 c4 15. Bb1 Qe7 16. Ng5 h6 17. Nh3 Ne4 18. f3 Nf6 19. Nf2 Na5 20. e4 Bc8
21. Qd2 Nb3 22. Qc2 Nxc1 23. Bxc1 Bf5 24. Bf4 Qxa3 25. Be5 Bg6 26. Bxf6 gxf6 27. Qd2 h5 28. Nh3 Kg7 29. Nf4 dxe4 30. fxe4 Rad8
31. Bc2=
1/2-1/2

[Event "fRIENDs aROUNd tHe wORLd Team Championship"]
[Site "SchemingMind.com"]
[Date "2005.12.13"]
[Round "-"]
[White "John"]
[Black "reptile"]
[Result "0-1"]
[WhiteCountry "POR"]
[BlackCountry "ISR"]
[WhiteElo "1507"]
[WhiteRD "73"]
[BlackElo "1863"]
[BlackRD "89"]
[GameID "32998"]

1. e4 e5 2. Nf3 Nc6 3. d4 exd4 4. Nxd4 Nf6 5. Nxc6 bxc6 6. e5 Qe7 7. Be2 Qxe5 8. O-O Bd6 9. f4 Qc5+ 10. Kh1 O-O
11. Nc3 Re8 12. Bd3 a5 13. Na4 Qb4 14. b3 Ba6
0-1

[Event "fRIENDs aROUNd tHe wORLd Team Championship"]
[Site "SchemingMind.com"]
[Date "2005.12.13"]
[Round "-"]
[White "markagodfrey"]
[Black "reptile"]
[Result "1/2-1/2"]
[WhiteCountry "GBR"]
[BlackCountry "ISR"]
[WhiteElo "2108"]
[WhiteRD "80"]
[BlackElo "1858"]
[BlackRD "80"]
[GameID "32999"]

1. e4 e5 2. Nf3 Nc6 3. Bc4 Bc5 4. b4 Bb6 5. O-O d6 6. c3 Nf6 7. a4 a6 8. d3 Bg4 9. a5 Ba7 10. Qe2 Qe7
11. Be3 Bxe3 12. Qxe3 O-O 13. Nbd2 Be6 14. Rfe1 Bxc4 15. Nxc4 Ng4 16. Qg5 f5=
1/2-1/2

[Event "fRIENDs aROUNd tHe wORLd Team Championship"]
[Site "SchemingMind.com"]
[Date "2005.12.13"]
[Round "-"]
[White "Louis Lima"]
[Black "reptile"]
[Result "1/2-1/2"]
[WhiteCountry "ESP"]
[BlackCountry "ISR"]
[WhiteElo "1728"]
[WhiteRD "70"]
[BlackElo "1870"]
[BlackRD "83"]
[GameID "33000"]

1. d4 Nf6 2. Nf3 e6 3. e3 b6 4. c4 Bb7 5. Bd3 Be7 6. Nc3 c5 7. O-O cxd4 8. exd4 d5 9. cxd5 Nxd5 10. Re1 O-O
11. Nxd5 Bxd5 12. Qc2 h6 13. Ne5 Nd7 14. Nc6 Qe8 15. Nxe7+ Qxe7 16. Qc7 Rfc8 17. Qg3 Qf6 18. Be3 Nf8 19. a3 Nh7 20. Bf4 Rc6
21. h4 h5 22. Be5 Qh6 23. Bf4 Qf6 24. Be5=
1/2-1/2

[Event "fRIENDs aROUNd tHe wORLd Team Championship"]
[Site "SchemingMind.com"]
[Date "2005.12.19"]
[Round "-"]
[White "zledar"]
[Black "reptile"]
[Result "0-1"]
[WhiteCountry "MEX"]
[BlackCountry "ISR"]
[WhiteElo "1126"]
[WhiteRD "103"]
[BlackElo "1879"]
[BlackRD "90"]
[GameID "33007"]

1. e4 c5 2. Nf3 Nc6 3. d4 cxd4 4. Nxd4 Nf6 5. Nc3 a6 6. Bd3 Nxd4 7. O-O d6 8. Be3 Nc6 9. Re1 e5 10. Bg5 Be7
0-1

[Event "fRIENDs aROUNd tHe wORLd Team Championship"]
[Site "SchemingMind.com"]
[Date "2005.12.19"]
[Round "-"]
[White "zledar"]
[Black "John"]
[Result "0-1"]
[WhiteCountry "MEX"]
[BlackCountry "POR"]
[WhiteElo "1092"]
[WhiteRD "103"]
[BlackElo "1507"]
[BlackRD "73"]
[GameID "33008"]

1. e4 e5 2. Nf3 Nf6 3. Nxe5 d6 4. Nf3 Nxe4 5. Bb5+ c6 6. Bd3 Qe7 7. O-O Bf5 8. Re1 d5 9. Bxe4 dxe4 10. Nd4 Qf6
0-1

[Event "fRIENDs aROUNd tHe wORLd Team Championship"]
[Site "SchemingMind.com"]
[Date "2005.12.19"]
[Round "-"]
[White "zledar"]
[Black "Louis Lima"]
[Result "0-1"]
[WhiteCountry "MEX"]
[BlackCountry "ESP"]
[WhiteElo "1152"]
[WhiteRD "110"]
[BlackElo "1717"]
[BlackRD "56"]
[GameID "33010"]

1. e4 e5 2. Nc3 Bc5 3. Nf3 Nf6 4. Bc4 d6 5. O-O O-O 6. d3 Nc6 7. Bg5 Be6 8. Re1 Bxc4 9. dxc4 h6 10. Nd5 hxg5
11. Nxf6+ Qxf6 12. Qd2 g4 13. Ng5 Qf4 14. Qxf4 exf4 15. Rad1 g3 16. Nf3 Bxf2+ 17. Kf1 Bxe1 18. Rxe1 Ne5 19. Ng5 gxh2 20. Kf2 f6
21. Nh3 g5 22. g3 f3 23. Rh1 g4 24. Nf4 Kf7 25. Nd5 c6 26. Nf4 Rh8 27. b3 b5 28. cxb5 cxb5 29. Nd3 Nxd3+ 30. cxd3 Rac8
31. Ke3 Rc2 32. Kf4 Rc1 33. Rxc1 h1=Q 34. Rxh1 Rxh1 35. Kxg4 f2 36. Kf5 f1=Q+ 37. Kg4 Kg6 38. d4 f5+ 39. exf5+ Qxf5#
0-1

[Event "fRIENDs aROUNd tHe wORLd Team Championship"]
[Site "SchemingMind.com"]
[Date "2005.12.13"]
[Round "-"]
[White "reptile"]
[Black "zledar"]
[Result "1-0"]
[WhiteCountry "ISR"]
[BlackCountry "MEX"]
[WhiteElo "1879"]
[WhiteRD "90"]
[BlackElo "1126"]
[BlackRD "103"]
[GameID "33011"]

1. e4 e5 2. f4 d5 3. exd5 e4 4. d3 Nf6 5. dxe4 Nxe4 6. Nf3 Bc5 7. Qe2 Bf5 8. Be3 Nd7 9. Nbd2 O-O 10. Bxc5 Nexc5
11. O-O-O
1-0

[Event "fRIENDs aROUNd tHe wORLd Team Championship"]
[Site "SchemingMind.com"]
[Date "2005.12.13"]
[Round "-"]
[White "Louis Lima"]
[Black "zledar"]
[Result "1-0"]
[WhiteCountry "ESP"]
[BlackCountry "MEX"]
[WhiteElo "1717"]
[WhiteRD "56"]
[BlackElo "1152"]
[BlackRD "110"]
[GameID "33014"]

1. e4 c5 2. d4 cxd4 3. c3 dxc3 4. Nxc3 Nc6 5. Nf3 e5 6. Bb5 a6 7. Bxc6 bxc6 8. O-O Nf6 9. Nxe5 Bd6 10. Qxd6 Qe7
11. Qxe7+ Kxe7 12. Bg5 h6 13. Bxf6+ Kxf6 14. Nc4 Re8 15. e5+ Kg6 16. f4 Kh7 17. Nd6 Re6 18. Nxf7 Bb7 19. Nd6 Bc8 20. Nce4 Rb8
21. Nc5 Re7 22. Nxc8 Rxc8 23. Nxa6 c5 24. Rfc1 Re6 25. Nxc5 Rec6 26. Nd3 Rc2 27. Rxc2 Rxc2 28. f5 Re2 29. Re1 Rd2 30. e6 Rxd3
31. e7 Rd5 32. e8=Q Rxf5 33. Qe4 g6 34. Qxf5 gxf5 35. Re7+ Kg6 36. Rxd7 f4 37. Kf2 Kg5 38. Rd6 h5 39. Kf3 h4 40. Rd5+ Kg6
41. Kxf4 Kf6 42. Rd6+ Ke7 43. Ke5 Kf7 44. Ra6 Kg7 45. Kf5 Kf7 46. Ra7+ Kf8 47. Ke6 Kg8 48. Kf6 Kf8 49. Ra8#
1-0

[Event "fRIENDs aROUNd tHe wORLd Team Championship"]
[Site "SchemingMind.com"]
[Date "2005.12.20"]
[Round "-"]
[White "jasniepanicz"]
[Black "reptile"]
[Result "0-1"]
[WhiteCountry "POL"]
[BlackCountry "ISR"]
[WhiteElo "1543"]
[WhiteRD "91"]
[BlackElo "1870"]
[BlackRD "83"]
[GameID "33761"]

1. e4 e5 2. Bc4 Nf6 3. Qf3 Be7 4. h3 Nc6 5. Ne2 a6 6. a3 O-O 7. O-O b5 8. Ba2 Bb7 9. d3 h6 10. Nbc3 b4
11. axb4 Bxb4 12. Qg3 Kh7 13. Nd5 Nxd5 14. Bxd5 Qe7 15. c3 Bd6 16. b4 Nd8 17. Bxb7 Nxb7 18. Be3 a5 19. bxa5 Nxa5 20. Nc1 Nb7
21. Nb3 Nc5 22. Nxc5 Bxc5 23. Bxc5 Qxc5 24. c4 Qd4 25. Rxa8 Rxa8 26. Qe3 Qxe3 27. fxe3 Kg6 28. Kh2 Ra2 29. Rf3 Rd2 30. Rg3+ Kf6
31. Rf3+ Ke6 32. Kg3 Rxd3
0-1

[Event "fRIENDs aROUNd tHe wORLd Team Championship"]
[Site "SchemingMind.com"]
[Date "2005.12.20"]
[Round "-"]
[White "jasniepanicz"]
[Black "John"]
[Result "1-0"]
[WhiteCountry "POL"]
[BlackCountry "POR"]
[WhiteElo "1520"]
[WhiteRD "89"]
[BlackElo "1547"]
[BlackRD "77"]
[GameID "33762"]

1. e4 e5 2. Bc4 d6 3. Qf3 Nf6 4. h3 Bd7 5. d3 Nc6 6. Nc3 a5 7. a3 Nd4 8. Qd1 b5 9. Ba2 b4 10. axb4 axb4
11. Nce2 c5 12. Nxd4 exd4 13. Qf3 Be7 14. Bg5 Ra7 15. Bxf7+ Kxf7 16. Rxa7 Rf8 17. Bxf6 Bxf6 18. b3 Kg8 19. Qe2 Bh4 20. g3 Bg5
21. f4 Bh6 22. Qg2 g5 23. f5 Qe8 24. g4 Bg7 25. Nf3 h6 26. h4 Bf6 27. hxg5 hxg5 28. Qh3 Qf7 29. Nxg5 Qg7 30. Ne6 Qf7
31. Nxf8 Kxf8 32. Qh6+ Ke7 33. g5 Bg7 34. Qe6+ Qxe6 35. fxe6 Kxe6 36. Rh7 Be5 37. Raxd7
1-0

[Event "fRIENDs aROUNd tHe wORLd Team Championship"]
[Site "SchemingMind.com"]
[Date "2005.12.20"]
[Round "-"]
[White "jasniepanicz"]
[Black "markagodfrey"]
[Result "0-1"]
[WhiteCountry "POL"]
[BlackCountry "GBR"]
[WhiteElo "1543"]
[WhiteRD "91"]
[BlackElo "2155"]
[BlackRD "91"]
[GameID "33763"]

1. e4 e6 2. Nf3 c5 3. c4 Qc7 4. Nc3 a6 5. d3 Nc6 6. Be2 g6 7. a3 Bg7 8. Bd2 Nge7 9. O-O O-O 10. g3 f5
11. exf5 Nxf5 12. Bf4 d6 13. Rb1 h6 14. Ne4 g5 15. Be3 b6 16. Kg2 d5 17. cxd5 exd5 18. Ned2 d4 19. Bxg5 hxg5 20. Nxg5 Bh6
21. Nde4 Ne5 22. Qb3+ Kh8 23. Ne6 Bxe6 24. Qxe6 Rae8 25. Qb3 Qb7 26. Kg1 c4 27. Qd1 cxd3 28. Bxd3 Nh4 29. Qh5 Re6 30. gxh4 Nxd3
31. Ng5 Nf4 32. Qf3 Ne2+ 33. Kg2 Rxf3 34. Nxf3 Rg6+
0-1

[Event "fRIENDs aROUNd tHe wORLd Team Championship"]
[Site "SchemingMind.com"]
[Date "2005.12.20"]
[Round "-"]
[White "jasniepanicz"]
[Black "Louis Lima"]
[Result "0-1"]
[WhiteCountry "POL"]
[BlackCountry "ESP"]
[WhiteElo "1520"]
[WhiteRD "89"]
[BlackElo "1667"]
[BlackRD "52"]
[GameID "33764"]

1. e4 c5 2. c4 Nc6 3. Nf3 g6 4. Nc3 Bg7 5. Be2 d6 6. h3 Nf6 7. d3 O-O 8. a3 Bd7 9. O-O e5 10. Bg5 Qb6
11. Rb1 Nh5 12. Nh4 Nf4 13. Bxf4 exf4 14. Nd5 Qd8 15. Nf3 Be5 16. Qd2 g5 17. b4 cxb4 18. axb4 Be6 19. b5 Bxd5 20. exd5 Nd4
21. Nxe5 dxe5 22. Bg4 f5 23. Bd1 Qd6 24. Qb4 Qxb4 25. Rxb4 b6 26. Re1 a5 27. Ra4 Rfe8 28. Bh5 Re7 29. f3 Rd8 30. Kh2 Kg7
31. g4 fxg3+ 32. Kxg3 Kh6 33. c5 bxc5 34. Rxa5 Kxh5 35. b6 Rb7 36. Rxc5 f4+ 37. Kg2 Rxb6 38. Rxe5 Rb2+ 39. Kf1 Nxf3 40. Rc7 Nxe5
0-1

[Event "fRIENDs aROUNd tHe wORLd Team Championship"]
[Site "SchemingMind.com"]
[Date "2005.12.21"]
[Round "-"]
[White "reptile"]
[Black "jasniepanicz"]
[Result "1-0"]
[WhiteCountry "ISR"]
[BlackCountry "POL"]
[WhiteElo "1870"]
[WhiteRD "83"]
[BlackElo "1543"]
[BlackRD "91"]
[GameID "33766"]

1. e4 c5 2. Nf3 a6 3. d4 e6 4. Be3 cxd4 5. Nxd4 e5 6. Nb3 h6 7. Be2 Nf6 8. Nc3 Bb4 9. f3 O-O 10. Qd2 Qc7
11. O-O Bxc3 12. bxc3 d6 13. Rad1 Rd8 14. Nc5 Nc6 15. Na4 Qe7 16. Nb6 Rb8 17. Qd3 Be6 18. f4 Ng4 19. f5 Nxe3 20. Qxe3 Bc8
21. f6 Qf8 22. fxg7 Qxg7 23. Nd5 Kh8 24. Rf6 Kh7 25. Rdf1 Be6 26. Bh5 Rf8 27. R6f3 Nd8 28. Nf6+
1-0

[Event "fRIENDs aROUNd tHe wORLd Team Championship"]
[Site "SchemingMind.com"]
[Date "2005.12.22"]
[Round "-"]
[White "John"]
[Black "jasniepanicz"]
[Result "1-0"]
[WhiteCountry "POR"]
[BlackCountry "POL"]
[WhiteElo "1547"]
[WhiteRD "77"]
[BlackElo "1520"]
[BlackRD "89"]
[GameID "33767"]

1. e4 c5 2. Nf3 e6 3. Nc3 a6 4. d4 h6 5. d5 Qe7 6. e5 Qd8 7. d6 Nc6 8. Bf4 g5 9. Bg3 Bg7 10. Qe2 g4
11. Nh4 Nd4 12. Qxg4 Qg5 13. Qxg5 hxg5 14. Nf3 Nxc2+ 15. Kd2 Nxa1 16. Nxg5 Bh6 17. Bf4 b5 18. Be2 Bb7 19. f3 b4 20. Nce4 Bxe4
21. fxe4 Bxg5 22. Bxg5 b3 23. Rxa1 bxa2 24. h4 a5 25. g4 Nh6 26. Bf6 Rh7 27. Rxa2 a4 28. Ra3 Rb8 29. Kc3 Ng8 30. Bg5 Rb4
31. Bd1 f6 32. exf6 Rf7 33. e5 Kd8 34. Rxa4 Rxa4 35. Bxa4 Kc8 36. Kc4 Kb7 37. Kxc5 Ka6 38. b4 Kb7 39. h5 Rh7 40. Bc2 Rh8
41. f7 Nh6 42. Bxh6 Rc8+ 43. Kd4
1-0

[Event "fRIENDs aROUNd tHe wORLd Team Championship"]
[Site "SchemingMind.com"]
[Date "2005.12.21"]
[Round "-"]
[White "markagodfrey"]
[Black "jasniepanicz"]
[Result "1-0"]
[WhiteCountry "GBR"]
[BlackCountry "POL"]
[WhiteElo "2123"]
[WhiteRD "106"]
[BlackElo "1520"]
[BlackRD "89"]
[GameID "33768"]

1. e4 c5 2. Nf3 a6 3. c3 Nc6 4. d4 e6 5. d5 exd5 6. exd5 Nb8 7. Bd3 g6 8. O-O d6 9. Qa4+ Bd7 10. Re1+ Be7
11. Qf4 Qc7 12. Ng5 Nh6 13. Qf6
1-0

[Event "fRIENDs aROUNd tHe wORLd Team Championship"]
[Site "SchemingMind.com"]
[Date "2006.01.05"]
[Round "-"]
[White "zledar"]
[Black "jasniepanicz"]
[Result "0-1"]
[WhiteCountry "MEX"]
[BlackCountry "POL"]
[WhiteElo "1092"]
[WhiteRD "103"]
[BlackElo "1546"]
[BlackRD "88"]
[GameID "33770"]

1. e4 e5 2. Nf3 Nf6 3. Nxe5 d6 4. Nf3 Bg4 5. Be2 a6 6. d4 Nxe4 7. O-O Nc6 8. Be3 Be7 9. Ng5 Nxg5 10. Bxg4 O-O
11. Nc3 Bf6
0-1

[Event "fRIENDs aROUNd tHe wORLd Team Championship"]
[Site "SchemingMind.com"]
[Date "2005.12.21"]
[Round "-"]
[White "Toivop"]
[Black "reptile"]
[Result "1-0"]
[WhiteCountry "EST"]
[BlackCountry "ISR"]
[WhiteElo "1897"]
[WhiteRD "85"]
[BlackElo "1876"]
[BlackRD "82"]
[GameID "33839"]

1. e4 e5 2. Nf3 Nc6 3. Bc4 Bc5 4. d3 Nf6 5. Bg5 a6 6. Nc3 d6 7. O-O Bg4 8. h3 Bh5 9. Nd5 Nd4 10. g4 Bg6
11. Nxd4 Bxd4 12. Qf3 O-O 13. Nxf6+ gxf6 14. Bxf6 Qd7 15. Bg5 d5 16. Bh6 Qd6 17. Bxf8 Rxf8 18. Bxd5 c6 19. Bb3 Bxb2 20. Rab1 Bc3
21. Kg2 Qe7 22. a4 Bd2 23. Bc4 b5 24. axb5 cxb5 25. Bb3 a5 26. Rfd1 Bc3 27. Rh1 Kg7 28. h4 f6 29. Bd5 Be8 30. h5 b4
31. h6+ Kh8 32. Bc4 a4 33. Qe3 a3 34. Bb3 Bf7 35. Bxf7 Qxf7 36. Qb6 a2 37. Ra1 Bxa1 38. Rxa1 Qg6 39. f3 Qxh6 40. Rxa2 Qd2+
41. Qf2 Qc3 42. Qe3 Kg7 43. Qb6 Rf7 44. Kf2 Qd2+ 45. Kf1 Kg6 46. Kg1 Qe1+ 47. Kg2 h5 48. Qf2 Qb1 49. gxh5+ Kxh5 50. Ra8 Rg7+
51. Kh2 Qc1 52. Rh8+ Kg6 53. Rh3 Qb2 54. Qg1+ Kf7 55. Qa7+ Ke6 56. Qxg7 Qxc2+ 57. Kg3 b3 58. Qg8+ Kd6 59. Qd5+ Kc7 60. Rh7+ Kb6
61. Rb7+
1-0

[Event "fRIENDs aROUNd tHe wORLd Team Championship"]
[Site "SchemingMind.com"]
[Date "2005.12.21"]
[Round "-"]
[White "Toivop"]
[Black "John"]
[Result "1-0"]
[WhiteCountry "EST"]
[BlackCountry "POR"]
[WhiteElo "1805"]
[WhiteRD "86"]
[BlackElo "1547"]
[BlackRD "77"]
[GameID "33840"]

1. e4 e5 2. Nf3 Nf6 3. Nxe5 d6 4. Nf3 Nxe4 5. d4 Be7 6. Bd3 Nf6 7. Bg5 Be6 8. O-O Qd7 9. Nc3 Bg4 10. Qe2 O-O
11. Bxf6 Bxf3 12. Qxf3 Bxf6 13. Qxb7 Qc6 14. Be4 Qxb7 15. Bxb7 Nd7 16. Bxa8 Rxa8 17. Rad1 c6 18. Ne4 Be7 19. d5 c5 20. Rfe1 Bf8
21. b3 f5 22. Ng5 Nf6 23. c4 Ne4 24. Nxe4 fxe4 25. Rxe4 g6 26. Rde1 a5 27. Re8 Ra7 28. R1e3 Rf7 29. Ra8 a4 30. Rxa4 Bh6
31. Re6 Rf4 32. Rxd6 Rd4 33. g3
1-0

[Event "fRIENDs aROUNd tHe wORLd Team Championship"]
[Site "SchemingMind.com"]
[Date "2005.12.21"]
[Round "-"]
[White "Toivop"]
[Black "markagodfrey"]
[Result "0-1"]
[WhiteCountry "EST"]
[BlackCountry "GBR"]
[WhiteElo "1867"]
[WhiteRD "83"]
[BlackElo "2049"]
[BlackRD "82"]
[GameID "33841"]

1. d4 Nf6 2. c4 g6 3. Nc3 d5 4. cxd5 Nxd5 5. e4 Nxc3 6. bxc3 Bg7 7. Nf3 c5 8. Bb5+ Nd7 9. O-O O-O 10. Ba3 cxd4
11. cxd4 a6 12. Bc4 b5 13. Bd5 Rb8 14. Rc1 b4 15. Bb2 Nf6 16. Bc6 Bb7 17. Bxb7 Rxb7 18. Qe2 Qa5 19. d5 Qb5 20. Rfe1 Qxe2
21. Rxe2 a5 22. Ne5 a4 23. Rc4 a3 24. Bd4 Ra8 25. f3 b3 26. axb3 a2 27. Ra4 Rxa4 28. bxa4 Nd7 29. Rxa2 Nxe5 30. Bxe5 Bxe5
31. a5 Rb1+ 32. Kf2 Bxh2 33. a6 Bg1+ 34. Ke2 Ba7 35. Kd3 Kf8 36. e5 Rb5 37. Ke4 Rb4+ 38. Kd3 Rd4+ 39. Ke2 Rxd5 40. f4 Ke8
41. g3 h5 42. Ra3 Kd7 43. Kf3 Ke6 44. Ke4 Rd2
0-1

[Event "fRIENDs aROUNd tHe wORLd Team Championship"]
[Site "SchemingMind.com"]
[Date "2005.12.21"]
[Round "-"]
[White "Toivop"]
[Black "Louis Lima"]
[Result "1-0"]
[WhiteCountry "EST"]
[BlackCountry "ESP"]
[WhiteElo "1805"]
[WhiteRD "86"]
[BlackElo "1667"]
[BlackRD "52"]
[GameID "33842"]

1. e4 c5 2. Nf3 d6 3. d4 cxd4 4. Nxd4 Nf6 5. Nc3 g6 6. Be3 Bg7 7. Bb5+ Bd7 8. O-O O-O 9. Bc4 Nc6 10. Nxc6 Bxc6
11. f3 a6 12. Qd2 Re8 13. Rad1 b5 14. Bb3 b4 15. Ne2 a5 16. c3 Bb5 17. cxb4 axb4 18. e5 dxe5 19. Qxb4 Qa5 20. Qxa5 Rxa5
21. Rfe1 Ba4 22. Bxa4 Rxa4 23. Nc3 Rb4 24. Bc1 e4 25. fxe4 Ng4 26. h3 Ne5 27. Nd5 Ra4 28. a3 e6 29. b3 Ra7 30. Ne3 Nc6
31. Nc4 Bc3 32. Be3 Rb7 33. Nd6 Bxe1 34. Rxe1 Rd8 35. Nxb7 Rb8 36. Nc5 Na5 37. Rc1 e5 38. b4 Nc6 39. Nd7
1-0

[Event "fRIENDs aROUNd tHe wORLd Team Championship"]
[Site "SchemingMind.com"]
[Date "2005.12.21"]
[Round "-"]
[White "Toivop"]
[Black "zledar"]
[Result "1-0"]
[WhiteCountry "EST"]
[BlackCountry "MEX"]
[WhiteElo "1819"]
[WhiteRD "84"]
[BlackElo "1092"]
[BlackRD "103"]
[GameID "33843"]

1. Nf3 d5 2. c4 Nf6 3. cxd5 Nxd5 4. d4 e6 5. e4 Nb6 6. Nc3 Bb4 7. Be2 O-O 8. O-O Nc6 9. Bb5 Bd7 10. Bf4 Qf6
11. Bxc7 a6 12. e5 Qh6 13. Bxc6 Bxc6 14. Bxb6 Be7 15. Ba5
1-0

[Event "fRIENDs aROUNd tHe wORLd Team Championship"]
[Site "SchemingMind.com"]
[Date "2005.12.21"]
[Round "-"]
[White "Toivop"]
[Black "jasniepanicz"]
[Result "1-0"]
[WhiteCountry "EST"]
[BlackCountry "POL"]
[WhiteElo "1809"]
[WhiteRD "91"]
[BlackElo "1493"]
[BlackRD "96"]
[GameID "33844"]

1. d4 d5 2. c4 dxc4 3. Nf3 e6 4. e4 Bb4+ 5. Bd2 Bxd2+ 6. Nbxd2 c3 7. bxc3 Nf6 8. Bb5+ c6 9. Bc4 b5 10. Bd3 a6
11. O-O O-O 12. e5 Nd5 13. Qc2 g6 14. Ne4 Nd7 15. Qd2 Kg7 16. Nd6 N7b6 17. Rfe1 Qd7 18. Ng5 Qe7 19. Nge4 Bd7 20. Nc5 Nc8
21. Ndb7 Nd6 22. exd6
1-0